| 000 | 00714nam a2200205Ia 4500 | ||
|---|---|---|---|
| 003 | GCL | ||
| 008 | 140319s9999 xx 000 0 ara d | ||
| 040 |
_aGCL / _cGCL |
||
| 082 | 0 | 4 |
_a550 _bف ف |
| 100 | 1 | _aمحمد جمال الدين الفندى | |
| 245 | 1 | 0 |
_aالنشرة الجوية (هدية من جمال الدين الفندى) / _cمحمد جمال الدين الفندى |
| 300 | _a127 ص | ||
| 490 |
_aالعلم والحياة _v0 |
||
| 650 | 0 | 4 | _aالغلاف الجوى |
| 650 | 0 | 4 | _aالتنبؤات الجوية |
| 650 | 0 | 4 | _aالسحاب |
| 650 | 0 | 4 | _aالارصاد الجوية - اجهزة |
| 650 | 0 | 4 | _aالارصاد الجوية - الطرق الاحصائية |
| 942 |
_2ddc _cBK |
||
| 999 |
_c46611 _d46611 |
||